000 njm a22 a 4500
999 _c215581
_d215581
003 BLK
005 20230407091201.0
008 180410b bul||n||s|||||||| n|bulo|
010 _aCDD00000337000
040 _aBLK
041 _aDEU
_cDEU
080 _aСалонни и танцови оркестри. Естраден оркестър. Джаз. Рок
_b785.161
_z785.161
100 1 _aRiessler, Michael
_eпърви автор
_922460
139 _aRiessler, Michael
_bR 55
245 1 0 _aHonig und Asche [CD аудио]
_cMichael Riessler.
246 1 1 _aHoney And Ash
257 _aDEU
260 _bEnja Rec.
_c1998
300 _c12 cm.
_fбр. в к-т
_g1 CD
306 _a51мин. 49сек.
380 _a7
650 4 _aДжаз
_9153283
653 _aджаз
852 _aЦб CD 1878
_p0
856 4 _qpdf
_u
_i0.00
_ldisable
856 4 _qpdf
_u
_i0.00
_ldisable
942 _cCDD
_n0
_s1
944 _aCR
_c03.10.2008
_kТеодора_Стоянова
944 _aED
_c03.10.2008
999 _d215581